[Event "Tilburg NED"]
[Site "Tilburg NED"]
[Date "1985.??.??"]
[Round "6"]
[White "Timman, Jan Hein"]
[Black "Ljubojevic, Ljubomir"]
[Result "1-0"]
[WhiteElo "2650"]
[BlackElo "2595"]
[PlyCount "77"]
[EventDate "1985.??.??"]
[Source "www.chesslib.no"]
[SourceDate "2004.05.04"]

1. e4 c5 2. Nf3 d6 3. d4 cxd4 4. Nxd4 Nf6 5. Nc3 a6 6. Bg5 e6 7. f4 Qb6 8. Qd2 Qxb2 9. Rb1 Qa3 10. f5 Nc6 11. fxe6 fxe6 12. Nxc6 bxc6 13. Be2 Be7 14. Rb3 Qa5 15. O-O Ra7 16. Bxf6 gxf6 17. Rb8 O-O 18. Rf3 Qe5 19. Qh6 f5 20. Rh3 Bf6 21. Bxa6 Qd4+ 22. Kh1 Qf2 23. Rf3 Qe1+ 24. Rf1 Qxc3 25. Rxc8 Raf7 26. exf5 exf5 27. Rxf8+ Rxf8 28. Bd3 Qe5 29. Bxf5 Qe7 30. a4 Kh8 31. Bd3 Qg7 32. Qh5 h6 33. a5 Qg5 34. Qh3 Ra8 35. a6 Bb2 36. Be4 Qf6 37. Ra1 Kg7 38. Re1 Qf3 39. Bd5 1-0

[Event "It (young masters)"]
[Site "?"]
[Date "1975.??.??"]
[Round "?"]
[White "Bronstein, David I"]
[Black "Tal, Mikhail N"]
[Result "1-0"]
[WhiteElo "2590"]
[BlackElo "2645"]
[PlyCount "59"]
[EventDate "1975.??.??"]
[Source "www.chesslib.no"]
[SourceDate "2004.05.04"]

1. e4 c5 2. Nf3 d6 3. d4 cxd4 4. Nxd4 Nf6 5. Nc3 a6 6. Bg5 e6 7. f4 Qb6 8. Qd2 Qxb2 9. Rb1 Qa3 10. f5 Nc6 11. fxe6 fxe6 12. Nxc6 bxc6 13. e5 dxe5 14. Bxf6 gxf6 15. Ne4 Be7 16. Be2 h5 17. Rb3 Qa4 18. c4 f5 19. Ng3 h4 20. Nh5 Rh7 21. O-O Bd7 22. Rd1 Bc5+ 23. Kh1 O-O-O 24. Rdb1 Ba7 25. Qd6 Qxb3 26. Rxb3 Be8 27. Qxe6+ Bd7 28. Qg6 Re7 29. c5 Be6 30. Bxa6+ 1-0

[Event "EU-chT (Men)"]
[Site "Pula"]
[Date "1997.??.??"]
[Round "5"]
[White "Gallagher, Joseph G"]
[Black "Van Wely, Loek"]
[Result "1/2-1/2"]
[WhiteElo "2545"]
[BlackElo "2645"]
[PlyCount "32"]
[EventDate "1997.05.05"]
[Source "ChessBase"]

1. e4 c5 2. Nf3 d6 3. d4 cxd4 4. Nxd4 Nf6 5. Nc3 a6 6. Bg5 e6 7. f4 Qb6 8. Qd2 Qxb2 9. Rb1 Qa3 10. f5 Nc6 11. fxe6 fxe6 12. Nxc6 bxc6 13. Be2 Be7 14. O-O O-O 15. Rb3 Qc5+ 16. Be3 Qe5 1/2-1/2

[Event "World Ch XIV Final"]
[Site "Cork World Ch XIV Final"]
[Date "1994.??.??"]
[Round "?"]
[White "Hamarat, Tunc"]
[Black "Sanakoev, Grigory Konstantino"]
[Result "1/2-1/2"]
[WhiteElo "2585"]
[BlackElo "2595"]
[PlyCount "73"]
[EventDate "1994.??.??"]
[Source "www.chesslib.no"]
[SourceDate "2004.05.04"]

1. e4 c5 2. Nf3 d6 3. d4 cxd4 4. Nxd4 Nf6 5. Nc3 a6 6. Bg5 e6 7. f4 Qb6 8. Qd2 Qxb2 9. Rb1 Qa3 10. f5 Nc6 11. fxe6 fxe6 12. Nxc6 bxc6 13. e5 dxe5 14. Bxf6 gxf6 15. Ne4 Be7 16. Be2 h5 17. Rb3 Qa4 18. c4 f5 19. Nd6+ Bxd6 20. Qxd6 Qa5+ 21. Kf2 Ra7 22. Re3 e4 23. Rd1 h4 24. Rb3 Qc7 25. Qc5 Qe7 26. Rd6 O-O 27. Qe5 c5 28. Rc6 Bd7 29. Rxc5 Qg7 30. Qd6 a5 31. Rh3 Qf6 32. g3 Rd8 33. Rxh4 Be8 34. Qf4 Qd4+ 35. Kf1 Qa1+ 36. Kf2 Qd4+ 37. Kf1 1/2-1/2

[Event "60th ch-RUS Higher League"]
[Site "Krasnoyarsk RUS"]
[Date "2007.09.08"]
[Round "5"]
[White "Belov, Vl"]
[Black "Kokarev, Dm"]
[Result "1/2-1/2"]
[WhiteElo "2590"]
[BlackElo "2551"]
[PlyCount "81"]
[EventDate "2007.09.03"]
[Source "www.chesslib.no"]
[SourceDate "2004.05.04"]

1. e4 c5 2. Nf3 d6 3. d4 cxd4 4. Nxd4 Nf6 5. Nc3 a6 6. Bg5 e6 7. f4 Qb6 8. Qd2 Qxb2 9. Rb1 Qa3 10. e5 h6 11. Bh4 dxe5 12. fxe5 Nfd7 13. Ne4 Qxa2 14. Rd1 Qd5 15. Qe3 Qxe5 16. Be2 Bc5 17. Bg3 Bxd4 18. Rxd4 Qa5+ 19. Rd2 O-O 20. Bd6 Nc6 21. Bxf8 Kxf8 22. O-O Kg8 23. Qf4 Nce5 24. Rfd1 f5 25. Nd6 Qc5+ 26. Kh1 b5 27. Bf3 Ra7 28. Qh4 Kh7 29. Nxc8 Qxc8 30. Qe7 Qc4 31. Be2 Qc6 32. Bh5 Rc7 33. Rd6 Qc4 34. Qxe6 Qxe6 35. Rxe6 Rxc2 36. Be8 Rc5 37. Bxd7 Nxd7 38. Rxa6 Nf6 39. Kg1 Rc2 40. h3 Rb2 41. Rb6 1/2-1/2

[Event "Najdorf"]
[Site "Buenos Aires"]
[Date "1997.05.26"]
[Round "7"]
[White "Zarnicki, Pablo"]
[Black "Morovic Fernandez, Ivan"]
[Result "1/2-1/2"]
[WhiteElo "2560"]
[BlackElo "2580"]
[PlyCount "60"]
[EventDate "1997.05.19"]
[Source "ChessBase"]
[SourceDate "1997.10.13"]

1. e4 c5 2. Nf3 d6 3. d4 cxd4 4. Nxd4 Nf6 5. Nc3 a6 6. Bg5 e6 7. f4 Qb6 8. Qd2 Qxb2 9. Rb1 Qa3 10. f5 Nc6 11. fxe6 fxe6 12. Nxc6 bxc6 13. Be2 Be7 14. O-O O-O 15. Rb3 Qc5+ 16. Be3 Qe5 17. Bf4 Qc5+ 18. Kh1 Ng4 19. h3 e5 20. Na4 Qa7 21. Bc4+ Kh8 22. hxg4 exf4 23. Nb6 Rb8 24. Rxf4 Bd7 25. Nxd7 Qxd7 26. Rf5 Qa7 27. Rxb8 Qxb8 28. Qf2 a5 29. Rxf8+ Qxf8 30. Qxf8+ Bxf8 1/2-1/2

[Event "XXIV ECC"]
[Site "Kallithea GRE"]
[Date "2008.10.18"]
[Round "2"]
[White "Cheparinov, I."]
[Black "Roeder, M."]
[Result "1-0"]
[WhiteElo "2696"]
[BlackElo "2432"]
[PlyCount "73"]
[EventDate "2008.10.17"]
[Source "www.chesslib.no"]
[SourceDate "2004.05.04"]

1. e4 c5 2. Nf3 d6 3. d4 cxd4 4. Nxd4 Nf6 5. Nc3 a6 6. Bg5 e6 7. f4 Qb6 8. Qd2 Qxb2 9. Rb1 Qa3 10. e5 dxe5 11. fxe5 Nfd7 12. Ne4 Qxa2 13. Rd1 Qd5 14. Qe3 Qxe5 15. Be2 Bc5 16. O-O Bxd4 17. Rxd4 O-O 18. Bf6 Nxf6 19. Nxf6+ gxf6 20. Re4 Qb2 21. Rg4+ Kh8 22. Qh6 Rg8 23. Rxg8+ Kxg8 24. Rf3 Qd4+ 25. Kh1 Qe5 26. Bd3 Qe1+ 27. Rf1 Qxf1+ 28. Bxf1 Nd7 29. Bd3 f5 30. h4 a5 31. Bb5 f6 32. Qh5 Kf8 33. Qxh7 a4 34. Bxd7 a3 35. Qh8+ Ke7 36. Qe8+ Kd6 37. Bxe6 1-0

[Event "It (young masters)"]
[Site "?"]
[Date "1975.??.??"]
[Round "?"]
[White "Bronstein, David I"]
[Black "Grigoryan, Karen A"]
[Result "0-1"]
[WhiteElo "2590"]
[BlackElo "2520"]
[PlyCount "56"]
[EventDate "1975.??.??"]
[Source "www.chesslib.no"]
[SourceDate "2004.05.04"]

1. e4 c5 2. Nf3 d6 3. d4 cxd4 4. Nxd4 Nf6 5. Nc3 a6 6. Bg5 e6 7. f4 Qb6 8. Qd2 Qxb2 9. Rb1 Qa3 10. f5 Nc6 11. fxe6 fxe6 12. Nxc6 bxc6 13. e5 dxe5 14. Bxf6 gxf6 15. Ne4 Be7 16. Be2 h5 17. Rb3 Qa4 18. c4 f5 19. Ng3 h4 20. Nh5 Kf7 21. g4 hxg3 22. hxg3 Ra7 23. Qc3 Qxa2 24. Qxe5 Rh7 25. Rb8 Rd7 26. Rxc8 Qb1+ 27. Kf2 Qxh1 28. Rh8 Bc5+ 0-1

[Event "Ch SCG team"]
[Site "?"]
[Date "2005.05.16"]
[Round "2"]
[White "Nataf Igor-Alexandre"]
[Black "Perunovic Milos"]
[Result "1/2-1/2"]
[WhiteElo "2559"]
[BlackElo "2549"]
[PlyCount "98"]
[EventDate "2005.??.??"]
[Source "www.chesslib.no"]
[SourceDate "2004.05.04"]

1. e4 c5 2. Nf3 d6 3. d4 cxd4 4. Nxd4 Nf6 5. Nc3 a6 6. Bg5 e6 7. f4 Qb6 8. Qd2 Qxb2 9. Rb1 Qa3 10. e5 dxe5 11. fxe5 Nfd7 12. Ne4 h6 13. Bh4 Qxa2 14. Rd1 Nc6 15. Nxc6 bxc6 16. Be2 Qa4 17. Qf4 Qa5+ 18. c3 g5 19. Rxd7 Bxd7 20. Nf6+ Kd8 21. Qd4 Qc7 22. Bf2 Kc8 23. O-O c5 24. Qe3 Bc6 25. Ra1 Be7 26. Bh5 Rf8 27. Nh7 Rh8 28. Nf6 Rf8 29. Nh7 Bb7 30. h3 Rh8 31. Nf6 Rd8 32. Bxf7 Qc6 33. Qg3 a5 34. Qg4 Ra6 35. Bg6 Rd2 36. Be4 Qc7 37. Bxb7+ Qxb7 38. Ne4 Rd5 39. Bg3 Qc6 40. Rf1 Rb6 41. Nd6+ Bxd6 42. Qxe6+ Kb7 43. exd6 Rd2 44. Qf7+ Ka6 45. Qc4+ Qb5 46. Qe4 Qc6 47. Qc4+ Qb5 48. Qe4 Qc6 49. Qc4+ Qb5 1/2-1/2

[Event "Corr"]
[Site "?"]
[Date "2002.06.15"]
[Round "?"]
[White "Calzolari Giampietro (ITA)"]
[Black "Sabaev Sergey Valentinovic"]
[Result "1/2-1/2"]
[WhiteElo "2550"]
[BlackElo "2558"]
[PlyCount "64"]
[EventDate "2002.??.??"]
[Source "www.chesslib.no"]
[SourceDate "2004.05.04"]

1. e4 c5 2. Nf3 d6 3. d4 cxd4 4. Nxd4 Nf6 5. Nc3 a6 6. Bg5 e6 7. f4 Qb6 8. Qd2 Qxb2 9. Rb1 Qa3 10. Bxf6 gxf6 11. Be2 h5 12. O-O Nd7 13. Kh1 Be7 14. Rf3 Qa5 15. Rh3 h4 16. Qe1 b5 17. f5 Ne5 18. Rb3 Qb6 19. Ncxb5 exf5 20. exf5 d5 21. Rxh4 Rxh4 22. Qxh4 axb5 23. Bxb5+ Kd8 24. Rc3 Nc4 25. Nc6+ Kc7 26. Nxe7 Qxb5 27. Nxd5+ Qxd5 28. Rxc4+ Kb8 29. h3 Ra7 30. Rb4+ Rb7 31. Qf4+ Qe5 32. Rxb7+ Bxb7 1/2-1/2

[Event "Karadjordje Serbia"]
[Site "Topola"]
[Date "2004.05.05"]
[Round "2"]
[White "Pavlovic, Milos"]
[Black "Ruck, Robert"]
[Result "0-1"]
[WhiteElo "2545"]
[BlackElo "2556"]
[PlyCount "66"]
[EventDate "2004.05.04"]
[Source "ChessBase"]
[SourceDate "2004.07.27"]

1. e4 c5 2. Nf3 d6 3. d4 cxd4 4. Nxd4 Nf6 5. Nc3 a6 6. Bg5 e6 7. f4 Qb6 8. Qd2 Qxb2 9. Rb1 Qa3 10. f5 Nc6 11. fxe6 fxe6 12. Nxc6 bxc6 13. e5 dxe5 14. Bxf6 gxf6 15. Ne4 Qxa2 16. Rd1 Be7 17. Be2 O-O 18. O-O Ra7 19. Rf3 Rd7 20. Qh6 Rxd1+ 21. Bxd1 Rf7 22. Nxf6+ Bxf6 23. Rxf6 Rxf6 24. Qxf6 Qd5 25. Qg5+ Kf8 26. Qf6+ Ke8 27. Qh8+ Kd7 28. Qxh7+ Kd6 29. Bf3 Qd4+ 30. Kf1 a5 31. g3 a4 32. Qh8 Kc7 33. Be2 a3 0-1

[Event "Cup Russia"]
[Site "Serpukhov RUS"]
[Date "2007.11.05"]
[Round "1.1"]
[White "Vorobiov, E."]
[Black "Askarov, M."]
[Result "0-1"]
[WhiteElo "2575"]
[BlackElo "2516"]
[PlyCount "98"]
[EventDate "2007.11.05"]
[Source "www.chesslib.no"]
[SourceDate "2004.05.04"]

1. e4 c5 2. Nf3 d6 3. d4 cxd4 4. Nxd4 Nf6 5. Nc3 a6 6. Bg5 e6 7. f4 Qb6 8. Qd2 Qxb2 9. Rb1 Qa3 10. e5 dxe5 11. fxe5 Nfd7 12. Ne4 h6 13. Bh4 Qxa2 14. Rd1 Qd5 15. Qe3 Qxe5 16. Be2 Bc5 17. Bg3 Bxd4 18. Rxd4 Qa5+ 19. Rd2 O-O 20. Bd6 Rd8 21. Qg3 Qf5 22. Be5 Qg6 23. Qh4 Nc6 24. Bh5 Qf5 25. Bxg7 Nc5 26. Nxc5 Kxg7 27. Ne4 Rd5 28. c4 Re5 29. Bf3 Qg5 30. Qf2 f5 31. O-O fxe4 32. Bxe4 Qe7 33. Rd3 Rg5 34. Rf3 Ne5 35. Qd4 Bd7 36. h4 Rh5 37. g4 Kg8 38. gxh5 Qg7+ 39. Kh1 Nxf3 40. Qe3 Ne5 41. Rg1 Ng4 42. Qe2 e5 43. Bf3 Kh8 44. Bxg4 Rg8 45. Qe3 Bc6+ 46. Kh2 Qf6 47. Kh3 a5 48. Re1 Rxg4 49. Kxg4 Qe6+ 0-1

[Event "TCh-AUT"]
[Site "Graz"]
[Date "2004.11.21"]
[Round "3"]
[White "Groszpeter, Attila"]
[Black "Schlosser, Philipp"]
[Result "1/2-1/2"]
[WhiteElo "2514"]
[BlackElo "2570"]
[PlyCount "37"]
[EventDate "2004.11.19"]
[Source "Roberto Alvarez"]
[SourceDate "2004.11.22"]

1. e4 c5 2. Nf3 d6 3. d4 cxd4 4. Nxd4 Nf6 5. Nc3 a6 6. Bg5 e6 7. f4 Qb6 8. Qd2 Qxb2 9. Rb1 Qa3 10. Bxf6 gxf6 11. Be2 Bg7 12. O-O f5 13. Rfd1 O-O 14. exf5 exf5 15. Nd5 Nc6 16. Nxc6 bxc6 17. Ne7+ Kh8 18. Nxc8 Raxc8 19. Qxd6 1/2-1/2

[Event "MK Cafe Cup-A"]
[Site "Koszalin"]
[Date "1999.08.08"]
[Round "6"]
[White "Nataf, Igor Alexandre"]
[Black "Timoshenko, Georgy"]
[Result "1/2-1/2"]
[WhiteElo "2504"]
[BlackElo "2576"]
[PlyCount "54"]
[EventDate "1999.08.03"]
[Source "ChessBase"]
[SourceDate "1999.12.01"]

1. e4 c5 2. Nf3 d6 3. d4 cxd4 4. Nxd4 Nf6 5. Nc3 a6 6. Bg5 e6 7. f4 Qb6 8. Qd2 Qxb2 9. Rb1 Qa3 10. Bxf6 gxf6 11. Be2 Nc6 12. Nxc6 bxc6 13. O-O Be7 14. Kh1 Qa5 15. Rb3 h5 16. Qe3 h4 17. Bf3 Kf8 18. Rfb1 d5 19. f5 h3 20. g3 Qc5 21. Qd2 Kg7 22. Na4 Qd6 23. Nb6 Rb8 24. Nxc8 Rxb3 25. axb3 Rxc8 26. fxe6 fxe6 27. exd5 cxd5 1/2-1/2

[Event "GMA Open"]
[Site "Moscow GMA op"]
[Date "1989.??.??"]
[Round "3"]
[White "Marjanovic, Slavoljub"]
[Black "Psakhis, Lev B"]
[Result "1/2-1/2"]
[WhiteElo "2490"]
[BlackElo "2585"]
[PlyCount "65"]
[EventDate "1989.??.??"]
[Source "www.chesslib.no"]
[SourceDate "2004.05.04"]

1. e4 c5 2. Nf3 d6 3. d4 cxd4 4. Nxd4 Nf6 5. Nc3 a6 6. Bg5 e6 7. f4 Qb6 8. Qd2 Qxb2 9. Rb1 Qa3 10. f5 Nc6 11. fxe6 fxe6 12. Nxc6 bxc6 13. Be2 Be7 14. Rb3 Qa5 15. Bh5+ g6 16. O-O Qc5+ 17. Kh1 gxh5 18. Bxf6 Rf8 19. Qh6 Qc4 20. Rbb1 Rb8 21. Rbd1 Rxf6 22. Rxf6 Qxc3 23. Qxh5+ Kd8 24. Rf7 Rb7 25. Rdf1 d5 26. Rxh7 Rd7 27. Rh8+ Kc7 28. Qe8 Bd8 29. h3 Kb8 30. Rb1+ Ka7 31. Qxd7+ Bxd7 32. Rxd8 Qg7 33. Rdb8 1/2-1/2

[Event "Sverdlovsk"]
[Site "?"]
[Date "1987.??.??"]
[Round "?"]
[White "Balashov, Y."]
[Black "Pigusov, E."]
[Result "1/2-1/2"]
[WhiteElo "2550"]
[BlackElo "2520"]
[PlyCount "59"]
[EventDate "1987.??.??"]
[Source "ChessBase"]
[SourceDate "1987.07.01"]

1. e4 c5 2. Nf3 d6 3. d4 cxd4 4. Nxd4 Nf6 5. Nc3 a6 6. Bg5 e6 7. f4 Qb6 8. Qd2 Qxb2 9. Rb1 Qa3 10. f5 Nc6 11. fxe6 fxe6 12. Nxc6 bxc6 13. Be2 Be7 14. O-O O-O 15. Rb3 Qc5+ 16. Be3 Qe5 17. Bf4 Qc5+ 18. Kh1 Ng4 19. h3 e5 20. Na4 Qa7 21. Bc4+ Kh8 22. hxg4 exf4 23. Rxf4 Bd7 24. Nb6 Rxf4 25. Qxf4 Rf8 26. Qg3 a5 27. Nxd7 Qxd7 28. Rf3 Qd8 29. Qf2 Rxf3 30. Qxf3 1/2-1/2

[Event "ISR-ch op"]
[Site "Tel Aviv"]
[Date "2001.04.17"]
[Round "9"]
[White "Tseitlin, Mark D"]
[Black "Huzman, Alexander"]
[Result "1/2-1/2"]
[WhiteElo "2492"]
[BlackElo "2578"]
[PlyCount "49"]
[EventDate "2001.04.09"]
[Source "ChessBase"]
[SourceDate "2001.05.06"]

1. e4 c5 2. Nf3 d6 3. d4 cxd4 4. Nxd4 Nf6 5. Nc3 a6 6. Bg5 e6 7. f4 Qb6 8. Qd2 Qxb2 9. Rb1 Qa3 10. f5 Nc6 11. fxe6 fxe6 12. Nxc6 bxc6 13. Be2 Be7 14. O-O O-O 15. Rb3 Qc5+ 16. Be3 Qe5 17. Bf4 Qc5+ 18. Be3 Qe5 19. Bf4 Qc5+ 20. Kh1 Ng4 21. h3 e5 22. Na4 Qa7 23. Bc4+ Kh8 24. hxg4 exf4 25. Nb6 1/2-1/2

[Event "FRG-ch International"]
[Site "Munich"]
[Date "1979.??.??"]
[Round "?"]
[White "Unzicker, Wolfgang"]
[Black "Stean, Michael"]
[Result "1/2-1/2"]
[WhiteElo "2530"]
[BlackElo "2540"]
[PlyCount "58"]
[EventDate "1979.02.??"]
[Source "ChessBase"]

1. e4 c5 2. Nf3 d6 3. d4 cxd4 4. Nxd4 Nf6 5. Nc3 a6 6. Bg5 e6 7. f4 Qb6 8. Qd2 Qxb2 9. Rb1 Qa3 10. f5 Nc6 11. fxe6 fxe6 12. Nxc6 bxc6 13. e5 dxe5 14. Bxf6 gxf6 15. Ne4 Be7 16. Be2 h5 17. Rb3 Qa4 18. c4 f5 19. Nd6+ Bxd6 20. Qxd6 Qa5+ 21. Kf2 Ra7 22. Rd1 Kf7 23. Ra3 Qb6+ 24. c5 Qc7 25. Qd2 Qe7 26. Qc3 Qf6 27. Kg1 e4 28. Qe3 h4 29. Ra4 Qh6 1/2-1/2

[Event "Corr"]
[Site "?"]
[Date "2002.07.01"]
[Round "?"]
[White "Mascarenhas Alberto Pinheiro "]
[Black "Bernardino Zelio (BRA)"]
[Result "1/2-1/2"]
[WhiteElo "2495"]
[BlackElo "2571"]
[PlyCount "57"]
[EventDate "2002.??.??"]
[Source "www.chesslib.no"]
[SourceDate "2004.05.04"]

1. e4 c5 2. Nf3 d6 3. d4 cxd4 4. Nxd4 Nf6 5. Nc3 a6 6. Bg5 e6 7. f4 Qb6 8. Qd2 Qxb2 9. Rb1 Qa3 10. f5 Nc6 11. fxe6 fxe6 12. Nxc6 bxc6 13. e5 dxe5 14. Bxf6 gxf6 15. Ne4 Be7 16. Be2 h5 17. Rb3 Qa4 18. Nxf6+ Bxf6 19. c4 Bh4+ 20. g3 Be7 21. O-O h4 22. Qd3 Qa5 23. Bh5+ Rxh5 24. Qg6+ Kd8 25. Qxh5 Qc5+ 26. Kh1 e4 27. Qh7 a5 28. Rf7 Qxc4 29. Rb1 1/2-1/2

[Event "Saint John (open II)"]
[Site "?"]
[Date "1988.??.??"]
[Round "?"]
[White "Tolnai, T."]
[Black "Georgiev, Kir"]
[Result "0-1"]
[WhiteElo "2465"]
[BlackElo "2595"]
[PlyCount "80"]
[EventDate "1988.??.??"]
[Source "ChessBase"]
[SourceDate "1988.01.01"]

1. e4 c5 2. Nf3 d6 3. d4 cxd4 4. Nxd4 Nf6 5. Nc3 a6 6. Bg5 e6 7. f4 Qb6 8. Qd2 Qxb2 9. Rb1 Qa3 10. f5 Nc6 11. fxe6 fxe6 12. Nxc6 bxc6 13. e5 dxe5 14. Bxf6 gxf6 15. Ne4 Be7 16. Be2 h5 17. O-O f5 18. Bf3 Kf7 19. Kh1 Ra7 20. Rb8 Rd7 21. Qe2 h4 22. Bg4 Kg7 23. Bxf5 exf5 24. Qf2 Rd1 25. Rxd1 fxe4 26. Qe2 Kh6 27. Qxe4 Qc5 28. Rf1 Qd5 29. Qe2 h3 30. Rf3 Rg8 31. Qe3+ Bg5 32. Rxh3+ Bxh3 33. Qxh3+ Kg6 34. Rxg8+ Qxg8 35. Qg4 Qf7 36. Qe4+ Qf5 37. Qxc6+ Bf6 38. Qxa6 Qxc2 39. h4 Qe4 40. h5+ Kg5 0-1

[Event "London ENG"]
[Site "London ENG"]
[Date "1981.??.??"]
[Round "?"]
[White "Quinteros, Miguel A"]
[Black "Browne, Walter S"]
[Result "1/2-1/2"]
[WhiteElo "2505"]
[BlackElo "2555"]
[PlyCount "89"]
[EventDate "1981.??.??"]
[Source "www.chesslib.no"]
[SourceDate "2004.05.04"]

1. e4 c5 2. Nf3 d6 3. d4 cxd4 4. Nxd4 Nf6 5. Nc3 a6 6. Bg5 e6 7. f4 Qb6 8. Qd2 Qxb2 9. Rb1 Qa3 10. e5 dxe5 11. fxe5 Nfd7 12. Ne4 h6 13. Bb5 hxg5 14. Rb3 axb5 15. Rxa3 Bxa3 16. Qxg5 Ra4 17. c3 Nc6 18. Qxg7 Rf8 19. O-O Be7 20. Nd6+ Bxd6 21. exd6 Nxd4 22. cxd4 Ra6 23. Qg3 Nb6 24. h4 Nc4 25. h5 Nxd6 26. h6 Nf5 27. Qg5 Nxh6 28. Qxh6 Rxa2 29. Qg5 Bd7 30. d5 Ra6 31. Qe5 Ke7 32. dxe6 Bxe6 33. Qc7+ Bd7 34. Qc5+ Ke8 35. Rd1 Ra8 36. Qe5+ Be6 37. Qxb5+ Ke7 38. Qxb7+ Kf6 39. Rf1+ Kg7 40. Qe7 Ra5 41. Rf3 Ra1+ 42. Kf2 Ra2+ 43. Kg1 Ra1+ 44. Kf2 Ra2+ 45. Kf1 1/2-1/2

[Event "Pappier Memorial A"]
[Site "CAPA email"]
[Date "1998.??.??"]
[Round "?"]
[White "Alvarez Rouchaud, Carlos Alberto"]
[Black "Soltau, Achim (GER)"]
[Result "0-1"]
[WhiteElo "2485"]
[BlackElo "2570"]
[PlyCount "56"]
[EventDate "1998.??.??"]
[Source "www.chesslib.no"]
[SourceDate "2004.05.04"]

1. e4 c5 2. Nf3 d6 3. d4 cxd4 4. Nxd4 Nf6 5. Nc3 a6 6. Bg5 e6 7. f4 Qb6 8. Qd2 Qxb2 9. Rb1 Qa3 10. Be2 Nbd7 11. O-O Qc5 12. Kh1 Be7 13. f5 e5 14. Ne6 fxe6 15. fxe6 Nb6 16. Bxf6 gxf6 17. Bh5+ Kd8 18. Bf7 Nc4 19. Qd3 Qd4 20. Qg3 Ne3 21. Rfe1 Qxc3 22. Rb3 Qc4 23. Qxe3 Qc5 24. Qd2 b5 25. Ree3 Bb7 26. Rbc3 Qb6 27. Rb3 Rc8 28. Re1 Rc4 0-1

[Event "Corr"]
[Site "?"]
[Date "1996.11.01"]
[Round "?"]
[White "Carleton John Joseph (ENG)"]
[Black "Poulsen Allan (DEN)"]
[Result "1-0"]
[WhiteElo "2465"]
[BlackElo "2590"]
[PlyCount "63"]
[EventDate "1996.??.??"]
[Source "www.chesslib.no"]
[SourceDate "2004.05.04"]

1. e4 c5 2. Nf3 d6 3. d4 cxd4 4. Nxd4 Nf6 5. Nc3 a6 6. Bg5 e6 7. f4 Qb6 8. Qd2 Qxb2 9. Rb1 Qa3 10. f5 Nc6 11. fxe6 fxe6 12. Nxc6 bxc6 13. Be2 Be7 14. O-O Rf8 15. e5 dxe5 16. Bxf6 Rxf6 17. Rxf6 Bxf6 18. Ne4 Be7 19. Rd1 Kf8 20. Rf1+ Kg8 21. Bc4 Rb8 22. Kh1 h6 23. h3 Rb4 24. Nd6 Bf8 25. Kh2 Bd7 26. Rf3 Qa4 27. Bb3 Rxb3 28. cxb3 Qd4 29. Rd3 Bxd6 30. Rxd4 exd4+ 31. g3 e5 32. Qa5 1-0

[Event "Corr"]
[Site "?"]
[Date "2002.06.15"]
[Round "?"]
[White "Calzolari Giampietro (ITA)"]
[Black "Voll Aleksei Borisovich"]
[Result "1/2-1/2"]
[WhiteElo "2550"]
[BlackElo "2504"]
[PlyCount "38"]
[EventDate "2002.??.??"]
[Source "www.chesslib.no"]
[SourceDate "2004.05.04"]

1. e4 c5 2. Nf3 d6 3. d4 cxd4 4. Nxd4 Nf6 5. Nc3 a6 6. Bg5 e6 7. f4 Qb6 8. Qd2 Qxb2 9. Rb1 Qa3 10. Bxf6 gxf6 11. Be2 Bg7 12. O-O f5 13. Rfd1 Nc6 14. Nxc6 Bxc3 15. Qe3 bxc6 16. Rb3 Qc5 17. Qxc5 dxc5 18. Rxc3 fxe4 19. Rxc5 Bd7 1/2-1/2

[Event "Vrsac"]
[Site "Vrsac YUG"]
[Date "1979.??.??"]
[Round "?"]
[White "Matulovic, Milan"]
[Black "Stean, Michael F"]
[Result "0-1"]
[WhiteElo "2510"]
[BlackElo "2540"]
[PlyCount "78"]
[EventDate "1979.??.??"]
[Source "www.chesslib.no"]
[SourceDate "2004.05.04"]

1. e4 c5 2. Nf3 d6 3. d4 cxd4 4. Nxd4 Nf6 5. Nc3 a6 6. Bg5 e6 7. f4 Qb6 8. Qd2 Qxb2 9. Rb1 Qa3 10. f5 Nc6 11. fxe6 fxe6 12. Nxc6 bxc6 13. e5 dxe5 14. Bxf6 gxf6 15. Ne4 Be7 16. Be2 h5 17. Rb3 Qa4 18. c4 f5 19. Nd6+ Bxd6 20. Qxd6 Qa5+ 21. Kf2 Ra7 22. Rb8 Kf7 23. Rd1 Kf6 24. c5 Rd7 25. Qxd7 Qxc5+ 26. Kf1 Bxd7 27. Rxh8 Qe7 28. Rh6+ Kg7 29. Rxh5 c5 30. Bxa6 Bc6 31. Rd3 e4 32. Rg3+ Kf6 33. Bc4 Ke5 34. Rg6 Kd4 35. Rxe6 Qc7 36. Be2 Qf4+ 37. Ke1 Qc1+ 38. Bd1 Qc3+ 39. Kf2 Qe3+ 0-1

[Event "3 World-Cup CCYB"]
[Site "3 World-Cup CCYB"]
[Date "1991.??.??"]
[Round "?"]
[White "Sauermann, W."]
[Black "Lorincz, Z."]
[Result "0-1"]
[WhiteElo "2480"]
[BlackElo "2565"]
[PlyCount "78"]
[EventDate "1991.??.??"]
[Source "www.chesslib.no"]
[SourceDate "2004.05.04"]

1. e4 c5 2. Nf3 d6 3. d4 cxd4 4. Nxd4 Nf6 5. Nc3 a6 6. Bg5 e6 7. f4 Qb6 8. Qd2 Qxb2 9. Rb1 Qa3 10. Bxf6 gxf6 11. Be2 Bg7 12. O-O f5 13. Rfd1 Nc6 14. Nxc6 Bxc3 15. Qe3 Bb2 16. Qb6 bxc6 17. exf5 Bf6 18. Qxc6+ Ke7 19. Qxa8 Qe3+ 20. Kh1 Qxe2 21. Qc6 Rd8 22. fxe6 Bxe6 23. Re1 Qf2 24. Rf1 Qc5 25. Qe4 Qf5 26. Rbe1 Qxe4 27. Rxe4 d5 28. Ra4 Rd6 29. f5 Bd7 30. Ra3 d4 31. h3 Bb5 32. Re1+ Kf8 33. Rd1 Rc6 34. Rd2 Rc5 35. g3 Rxf5 36. Kg2 Re5 37. Rb3 Re3 38. Kf2 Bc4 39. Rb4 Rc3 0-1

[Event "corr IC1998F.001"]
[Site "?"]
[Date "1998.??.??"]
[Round "?"]
[White "Morgado, Juan"]
[Black "Pecha, Martin"]
[Result "1/2-1/2"]
[WhiteElo "2690"]
[BlackElo "2345"]
[PlyCount "83"]
[EventDate "1998.??.??"]
[Source "www.chesslib.no"]
[SourceDate "2004.05.04"]

1. e4 c5 2. Nf3 d6 3. d4 cxd4 4. Nxd4 Nf6 5. Nc3 a6 6. Bg5 e6 7. f4 Qb6 8. Qd2 Qxb2 9. Rb1 Qa3 10. f5 Nc6 11. fxe6 fxe6 12. Nxc6 bxc6 13. Be2 Be7 14. O-O O-O 15. Rb3 Qc5+ 16. Be3 Qe5 17. Bf4 Nxe4 18. Nxe4 Qxe4 19. Bxd6 Rxf1+ 20. Kxf1 Bf6 21. Ba3 c5 22. Bf3 Qc4+ 23. Qd3 Qxd3+ 24. cxd3 Ra7 25. Bxc5 Rc7 26. d4 Kf7 27. Ke2 Bd7 28. Be4 Bc6 29. Bxc6 Rxc6 30. Kd3 e5 31. Rb6 Rxb6 32. Bxb6 Ke6 33. Ke4 exd4 34. Bxd4 Bxd4 35. Kxd4 Kd6 36. g4 h6 37. h3 g5 38. Ke4 Ke6 39. a3 h5 40. gxh5 Kf6 41. a4 Kg7 42. Kf5 1/2-1/2

[Event "Corr"]
[Site "?"]
[Date "2002.07.01"]
[Round "?"]
[White "Dias Sergio Moreira Ferr"]
[Black "Bernardino Zelio (BRA)"]
[Result "0-1"]
[WhiteElo "2464"]
[BlackElo "2571"]
[PlyCount "62"]
[EventDate "2002.??.??"]
[Source "www.chesslib.no"]
[SourceDate "2004.05.04"]

1. e4 c5 2. Nf3 d6 3. d4 cxd4 4. Nxd4 Nf6 5. Nc3 a6 6. Bg5 e6 7. f4 Qb6 8. Qd2 Qxb2 9. Rb1 Qa3 10. f5 Nc6 11. fxe6 fxe6 12. Nxc6 bxc6 13. e5 dxe5 14. Bxf6 gxf6 15. Ne4 Be7 16. Be2 h5 17. Rb3 Qa4 18. Nxf6+ Bxf6 19. c4 Bh4+ 20. g3 Be7 21. O-O h4 22. Qd3 Qxa2 23. Rd1 Rh6 24. Bh5+ Kf8 25. Rf1+ Kg8 26. Qf3 Bf6 27. Qg4+ Kh8 28. Rbf3 Qd2 29. Qxh4 Qe3+ 30. Rxe3 Bxh4 31. Be8 Be7 0-1

[Event "St Petersburg-ch"]
[Site "St Petersburg"]
[Date "2001.04.11"]
[Round "2"]
[White "Lugovoi, Aleksei"]
[Black "Yemelin, Vasily"]
[Result "1/2-1/2"]
[WhiteElo "2512"]
[BlackElo "2522"]
[PlyCount "36"]
[EventDate "2001.04.10"]
[Source "ChessBase"]
[SourceDate "2001.07.05"]

1. e4 c5 2. Nf3 d6 3. d4 cxd4 4. Nxd4 Nf6 5. Nc3 a6 6. Bg5 e6 7. f4 Qb6 8. Qd2 Qxb2 9. Rb1 Qa3 10. e5 h6 11. Bxf6 gxf6 12. Ne4 fxe5 13. Rb3 Qa4 14. fxe5 dxe5 15. Nf6+ Ke7 16. Nf5+ exf5 17. Nd5+ Ke6 18. Nc7+ Ke7 1/2-1/2